| 000 | 00708nam a22002417a 4500 | ||
|---|---|---|---|
| 003 | UA-OsUOA | ||
| 001 | 117552 | ||
| 007 | ta | ||
| 008 | 20160531b un ||||| |||| 00| 0 ukr d | ||
| 100 | _aДудко В. | ||
| 090 |
_a82.09(477) _bД81 |
||
| 942 | _cBK | ||
| 040 |
_aUA-OsUOA _bukr _cUA-OsUOA _dUA-OsUOA |
||
| 245 |
_aТарас Шевченко: джерелознавчі студії _bзбірник _cнаук. ред. О. Федорук |
||
| 300 | _a416 с. | ||
| 955 | _a1 | ||
| 041 | _aukr | ||
| 080 | _a82.09(477) | ||
| 020 | _a978-966-8978-78-4 | ||
| 260 |
_aК. _bКритика _c2014 |
||
| 650 | 7 |
_a82 Література. Літературознавство _2UDC |
|
| 999 |
_c403582 _d403582 |
||